La prensa sensacionalista y los sectores populares /
Obra que analiza la lectura de la prensa sensacionalista, cuyo público se ubica centralmente entre las clases populares. A la vez que echa por tierra ciertos mitos existentes sobre la relación entre ese tipo de prensa y su público, pone de manifiesto de qué manera la recuperación de la cultura y el...
Gorde:
| Egile nagusia: | |
|---|---|
| Formatua: | Liburua |
| Hizkuntza: | gaztelania |
| Argitaratua: |
Bogotá, Colombia :
Norma,
2002, c2001
|
| Saila: | (Enciclopedia Latinoamericana de Sociocultura y Comunicación ;
15) |
| Gaiak: | |
| Etiketak: |
Etiketarik gabe, Izan zaitez lehena erregistro honi etiketa jartzen!
|
MARC
| LEADER | 00000nam^a2200000^a^4500 | ||
|---|---|---|---|
| 001 | 000148602 | ||
| 005 | 20250521000000.0 | ||
| 009 | 20260310100031.185 | ||
| 020 | |a 958-04-6568-1 | ||
| 037 | |a Acervo ITESO - Biblioteca | ||
| 041 | |a ESP | ||
| 082 | |a 302. 23 |b ENC V. 15 | ||
| 100 | |a Sunkel, Guillermo |e (autor) | ||
| 240 | 1 | 1 | |a [Enciclopedia latinoamericana de sociocultura y comunicación] |
| 245 | 1 | 3 | |a La prensa sensacionalista y los sectores populares / |c G. Sunkel. |
| 264 | 4 | |a Bogotá, Colombia : |b Norma, |c 2002, c2001 | |
| 300 | |a 138 p. | ||
| 336 | |a texto |b txt |2 rdacontenido | ||
| 337 | |a sin mediación |b n |2 rdamedio | ||
| 338 | |a volumen |b nc |2 rdasoporte | ||
| 440 | 1 | |a (Enciclopedia Latinoamericana de Sociocultura y Comunicación ; |v 15) | |
| 520 | |a Obra que analiza la lectura de la prensa sensacionalista, cuyo público se ubica centralmente entre las clases populares. A la vez que echa por tierra ciertos mitos existentes sobre la relación entre ese tipo de prensa y su público, pone de manifiesto de qué manera la recuperación de la cultura y el lenguaje popular hacen de la prensa amarillista un espacio de reconocimiento para sus lectores. | ||
| 649 | |a XX | ||
| 650 | |a Lectores | ||
| 650 | |a Receptores | ||
| 650 | |a Recepción y Apropiación de la Comunicación | ||
| 650 | |a Amarillismo | ||
| 650 | |a Prensa | ||
| 650 | |a Medios Impresos | ||
| 650 | |a Medios de Comunicación | ||
| 650 | |a Comunicación Masiva | ||
| 910 | |a Fondo General | ||
| 920 | |a Impresos - Libros | ||
| 930 | |a Colección General | ||
| 905 | |a 101 | ||
| 901 | |a 0500077936 |b IT1 |c ACC |u 20250521 | ||
| 902 | |a https://opac.biblio.iteso.mx/vufind/Record/000148602 | ||